000 00595nam a2200193Ia 4500
005 20250508165410.0
008 008 250505s9999 xx 000 0 eng d
037 _aDissertations
040 _aFEDL
_beng
_cFEDL
041 _aeng
_2eng
084 _a371.1, MEE/DI
_qFEDL
100 _aMeena Mamta Kumari
_9780740
245 0 _aUnderstand the teachers perceptions related to their professional development
260 _c2014
300 _a52p.
546 _aM.Ed. Dissertation, (Delhi University); C D Included
942 _cDIS
_h371.1, MEE/DI
999 _c1394896
_d1394896